Schwarzpläne deutscher Städte - Statistiken

Allgemein
  • Dieses Quiz wurde 153 mal gespielt
  • Das Durchschnittsergebnis liegt bei 3 aus 10
Antwortstatistiken
Bildquiz Antwort % Korrekt
Berlin
85%
Frankfurt am Main
81%
Karlsruhe
81%
Köln
80%
Hamburg
79%
Koblenz
67%
München
67%
Stuttgart
67%
Mannheim
64%
Passau
58%
Bremen
57%
Heidelberg
55%
Dresden
54%
Münster
50%
Leipzig
46%
Dortmund
44%
Bonn
43%
Dresden
40%
Bochum
38%
Nürnberg
33%
Augsburg
31%
Kassel
31%
Erfurt
29%
Lübeck
25%
Wien
23%
Konstanz
18%
Schwerin
14%
Heide
13%
Ludwigsburg
13%
Weimar
13%
Wilhelmshaven
13%
Jena
12%
Oldenburg
11%
Speyer
11%
Ulm
10%
Halle Saale
9%
Helgoland
9%
Herne
9%
Kaiserslautern
9%
Mainz
9%
Nürtingen
9%
Flensburg
8%
Freudenstadt
8%
Rostock
8%
Frankfurt an der Oder
7%
Köpenick
7%
Rottweil
6%
Cottbus
0%
Detmold
0%
Greifswald
0%
Neubrandenburg
0%
Osnabrück
0%
Rapperswil
0%
Tübingen
0%
Villingen
0%
Wismar
0%
Keine übereinstimmenden Quizze gefunden
Verteilung der Resultate
Anzahl Personen mit jedem Resultat
Perzentil nach korrekt beantworteten Fragen
Ihre Resultats-Entwicklung
Sie haben dieses Quiz noch nicht gespielt